| 000 | 01084nam a22002657a 4500 | ||
|---|---|---|---|
| 999 |
_c64256 _d64256 |
||
| 005 | 20240530110722.0 | ||
| 008 | 180331s2016 ua a g b 000 0 ara d | ||
| 017 |
_a2015/26469 _bمصر. دار الكتب |
||
| 020 | _a9789777650496 | ||
| 040 |
_aEG-CaGPL _cEG-CaGPL |
||
| 082 | 0 | 4 |
_221 _a268\ _bهـ ك |
| 100 | 0 | _aالهجويرى | |
| 245 | 1 | 0 |
_aكشف المحجوب / _cالهجويرى ؛ دراسة وترجمة وتعليق اسعاد عبدالهادى قنديل ؛ راجع الترجمة امين عبدالمجيد بدوى . |
| 250 | _aط.1 | ||
| 260 |
_aالقاهرة : _bآفاق للنشر والتوزيع، _c2016 . |
||
| 300 |
_a575 ص. ؛ _c24 سم. |
||
| 504 | _aيشتمل على ارجاعات ببليوجرافية | ||
| 650 | 0 | 7 |
_2qrmak _aالتصوف |
| 650 | 0 | 7 |
_2qrmak _aالتصوف الاسلامى |
| 651 | _2qrmak | ||
| 700 | 0 |
_aاسعاد عبدالهادى قنديل _eمترجم |
|
| 700 | 0 |
_aامين عبدالمجيد بدوى _eمراجع ترجمة |
|
| 942 |
_2ddc _cBK |
||